Hubble (Record no. 44143)
[ view plain ]
| 000 -Etiqueta do registo | |
|---|---|
| Valores | 00488nam a2200169 4500 |
| 100 ## - Dados gerais de processamento | |
| Dados gerais | 20250121 pory50 |
| 101 ## - Língua de publicação | |
| Língua | por |
| -- | ing |
| 102 ## - País de publicação | |
| País | PT |
| 200 ## - Titulo e menção de responsabilidade | |
| Título próprio | Hubble |
| Informação de outro título | 15 anos de descoberta |
| Primeira menção de responsabilidade | realiz. Lars Lindberg Christensen |
| 210 ## - Publicação | |
| Local de publicação | [S.l.] |
| Nome do editor | Agência Espacial Europeia , Hubble European Agency Information Centre |
| Data de publicação | [d. reg. 2005] |
| 215 ## - Descrição física | |
| Paginação / Volumes | 1 DVD |
| 300 ## - Notas gerais | |
| Texto da nota | 83 mins + 50 mins extra<br/>M/6 |
| 675 ## - CDU | |
| Notação | 52 |
| 801 ## - Fonte de origem | |
| País | PT |
| Regras de catalogação | RPC |
| 990 ## - Elementos KOHA | |
| Tipo de documento | Livro |
| Aquisição | Empréstimo | Código de barras | Cota | Permissão de empréstimo | Tipo de documento | Nota relativa ao exemplar |
|---|---|---|---|---|---|---|
| Biblioteca Escolar Doutor Hernâni Cidade | Biblioteca Escolar Doutor Hernâni Cidade | 80708 | DOC CHR | Filme DVD | 336 Docomentário sobre Astronomia e o telescópio Hubble |